Phê bình, bình luận văn học: Hàn Mặc Tử, Chế Lan Viên, Quách Tấn
Gorde:
| Egile nagusia: | |
|---|---|
| Formatua: | Liburua |
| Hizkuntza: | Undetermined |
| Argitaratua: |
Tp. HCM
Văn Nghệ
1999
|
| Gaiak: | |
| Etiketak: |
Etiketa erantsi
Etiketarik gabe, Izan zaitez lehena erregistro honi etiketa jartzen!
|
| Thư viện lưu trữ: | Trung tâm Học liệu Trường Đại học Cần Thơ |
|---|
| LEADER | 00574nam a2200169Ia 4500 | ||
|---|---|---|---|
| 001 | CTU_31177 | ||
| 008 | 210402s9999 xx 000 0 und d | ||
| 082 | |a 809 | ||
| 082 | |b Ph250hm | ||
| 100 | |a Vũ Tiến Quỳnh | ||
| 245 | 0 | |a Phê bình, bình luận văn học: Hàn Mặc Tử, Chế Lan Viên, Quách Tấn | |
| 245 | 0 | |c Vũ Tiến Quỳnh | |
| 260 | |a Tp. HCM | ||
| 260 | |b Văn Nghệ | ||
| 260 | |c 1999 | ||
| 650 | |a vietnamese literature - 20th century - history and criticism | ||
| 980 | |a Trung tâm Học liệu Trường Đại học Cần Thơ | ||